| 000 | 00724nam a2200205Ii 4500 | ||
|---|---|---|---|
| 003 | JO-AjNU | ||
| 008 | 230605s9999||||xx |||||||||||||| ||und|| | ||
| 017 | _a4290 | ||
| 040 |
_aJO-AjNU _bara _erda _cJO-AjNU |
||
| 041 | _aara | ||
| 050 | 1 | 4 | _aHD6955.Z442.1976 |
| 100 | 3 |
_aعبدالباقي،زيدان, _eauthor _916345 |
|
| 245 | 0 | 0 | _aعلم الاجتماع المهني أو اجتماعيات العمل |
| 264 | 3 | 1 | _aالقاهرة:دار الفكر العربي،1976 |
| 300 |
_a390ص _bيحتوي على ملاحق وجداول احصائية |
||
| 336 |
_atext _btxt _2rdacontent |
||
| 337 |
_aunmediated _bn _2rdamedia |
||
| 338 |
_avolume _bnc _2rdacarrier |
||
| 650 | 4 |
_aالمهن-علم الاجتماع _916346 |
|
| 999 |
_aA4821 _c8389 _d8389 |
||